| 000 | 00544nam a2200181Ia 4500 | ||
|---|---|---|---|
| 999 |
_c23128 _d23128 |
||
| 003 | OSt | ||
| 005 | 20200515090749.0 | ||
| 008 | 190216s9999||||xx |||||||||||||| ||und|| | ||
| 020 | _a9789675062605 | ||
| 040 | _coclc | ||
| 082 |
_a297.57 _bGHA/M |
||
| 100 |
_aAl - Ghazali _92196 |
||
| 245 | 4 |
_aThe Message From On High / _cAl - Ghazali |
|
| 260 |
_bIslamic Book Trust, _c2010. _aKuala Lumpur: |
||
| 300 | _a69p | ||
| 650 | 0 |
_aHistory & geography _vIslamic History _92271 |
|
| 942 |
_cBK _2ddc _h297.57 _iGHA/M _k297.57 _mGHA/M |
||